Prosté klavírní skaldby bagatelles pour piano /

Hlavní autor: Hlobil, Emil, 1901-1987
Další autoři: Kurzová-Štěpánová, Ilona, 1899-1975
Jazyk: Nelze použít, není lingvistický obsah
Vydáno: V Praze : Hudební matice Umělecké besedy, 1935
Edice: Klavírní repertoir (Hudební matice)
Fyzický popis: 1 partitura (11 s.)
Hudebniny Hudebniny
Uloženo v:
LEADER 01034ncm a22002532a 4500
001 001372401
003 CZ BrMZK
005 20150212144313.0
007 qu
008 071127s1935 xr |||||||||||||| zxx d
040 |a BOA001  |b cze 
072 7 |a 786  |x Hudba pro klávesové nástroje  |2 Konspekt  |9 9 
100 1 |a Hlobil, Emil,  |d 1901-1987  |7 jk01041312  |4 cmp 
245 1 0 |a Prosté klavírní skaldby  |h [hudebnina] :  |b bagatelles pour piano /  |c Emil Hlobil ; rev. Ilona Štěpánová-Kurzová 
260 |a V Praze :  |b Hudební matice Umělecké besedy,  |c 1935 
300 |a 1 partitura (11 s.) 
490 1 |a Klavírní repertoir ;  |v 4 
700 1 |a Kurzová-Štěpánová, Ilona,  |d 1899-1975  |7 jk01071030  |4 edt 
830 0 |a Klavírní repertoir (Hudební matice) 
910 |a BOA001  |b Mus4-0164.621,4 
990 |a MU 
991 |b 201403 
996 6 |b 2619658859  |c Mus4-0164.621,4  |l MZK  |r Sklad / do 1 hodiny  |n 0  |w 001407268  |u 000020  |a 1  |e BOA001  |j MZK50  |s P 
996 7 |b 2619658860  |c Mus4-0164.621,4  |l MZK  |r Sklad / do 1 hodiny  |n 0  |w 001407268  |u 000010  |a 1  |e BOA001  |j MZK50  |s A